000 00459nam a2200181 i 4500
001 65166
003 ES-MaACL
005 20230906165317.0
007 t|
008 040109s1922 sp ||||1| spa d
100 1 _aFrancés, José,
_d1883-1964
_952141
245 1 0 _aMiedo /
_cJosé Francés.
250 _a2ª ed.
260 _aMadrid :
_b[Juan Pueyo,
_c1922]
300 _a292 p. ;
_c20 cm.
852 _aES-MaACL
_jF-5080
999 _c65166
_d65166